Statystyki dla Państwa świata

Kliknij tutaj aby rozwiązać quiz!

Ogólne statystyki

  • Ten quiz został rozwiązany 10 razy
  • Średni wynik to 130 z 196

Odpowiedzi na mapie

Odpowiedzi skodowane kolorowo w zielono-czerwonej skali na mapie do tego quizu, zgodnie z poniższymi procentami.
 

Statystyki odpowiedzi

Odpowiedź% Poprawnych
Afganistan
100%
Albania
100%
Algieria
100%
Arabia Saudyjska
100%
Argentyna
100%
Armenia
100%
Australia
100%
Austria
100%
Azerbejdżan
100%
Bahamy
100%
Bahrajn
100%
Bangladesz
100%
Barbados
100%
Belize
100%
Benin
100%
Bhutan
100%
Andora
88%
Angola
88%
Antigua
88%
Belgia
75%
Boliwia
75%
Bośnia i Hercegowina
75%
Botswana
75%
Brazylia
75%
Brunei
75%
Bułgaria
75%
Burkina faso
75%
Burundi
75%
Chile
75%
Chiny
75%
Chorwacja
75%
Cypr
75%
Czad
75%
Czechy
75%
Dania
75%
Demokratyczna Republika Konga
75%
Dominika
75%
Dominikana
75%
Dżibuti
75%
Egipt
75%
Ekwador
75%
Erytrea
75%
Estonia
75%
Eswatini
75%
Etiopia
75%
Fidżi
75%
Filipiny
75%
Czarnogóra
63%
Finlandia
63%
Francja
63%
Gabon
63%
Gambia
63%
Ghana
63%
Grecja
63%
Grenada
63%
Gruzja
63%
Gujana
63%
Gwatemala
63%
Gwinea
63%
Gwinea bissau
63%
Gwinea równikowa
63%
Haiti
63%
Hiszpania
63%
Holandia
63%
Honduras
63%
Indie
63%
Indonezja
63%
Irak
63%
Iran
63%
Irlandia
63%
Islandia
63%
Izrael
63%
Jamajka
63%
Japonia
63%
Jemen
63%
Jordania
63%
Kambodża
63%
Kenia
63%
Kirgistan
63%
Kiribati
63%
Kolumbia
63%
Komory
63%
Kongo
63%
Korea Północna
63%
Korea Południowa
63%
Kosowo
63%
Kostaryka
63%
Kuba
63%
Kuwejt
63%
Laos
63%
Lesotho
63%
Liban
63%
Liberia
63%
Libia
63%
Liechtenstein
63%
Litwa
63%
Łotwa
63%
Macedonia Północna
63%
Madagaskar
63%
Malawi
63%
Malediwy
63%
Malezja
63%
Mali
63%
Malta
63%
Maroko
63%
Mauretania
63%
Mauritius
63%
Meksyk
63%
Mikronezja
63%
Mjanma
63%
Mołdawia
63%
Monako
63%
Mongolia
63%
Mozambik
63%
Namibia
63%
Nauru
63%
Nepal
63%
Niemcy
63%
Nowa Zelandia
63%
Oman
63%
Pakistan
63%
Palau
63%
Palestyna
63%
Panama
63%
Papua Nowa Gwinea
63%
Paragwaj
63%
Peru
63%
Polska
63%
Portugalia
63%
Republika środkowo afrykańska
63%
Republika Zielonego Przylądka
63%
Rosja
63%
Rumunia
63%
Rwanda
63%
Saint kitts
63%
Saint Lucia
63%
Saint Vincent
63%
Salwador
63%
Samoa
63%
San Marino
63%
Senegal
63%
Serbia
63%
Seszele
63%
Sierra Leone
63%
Singapur
63%
Słowacja
63%
Słowenia
63%
Somalia
63%
Sri Lanka
63%
Stany Zjednoczone
63%
Sudan
63%
Sudan Południowy
63%
Surinam
63%
Syria
63%
Tadżykistan
63%
Tajwan
63%
Tanzania
63%
Timor wschodni
63%
Togo
63%
Tonga
63%
Trynidad i Tobago
63%
Tunezja
63%
Turcja
63%
Turkmenistan
63%
Tuvalu
63%
Uganda
63%
Ukraina
63%
Urugwaj
63%
Uzbekistan
63%
Vanuatu
63%
Watykan
63%
Włochy
63%
Wybrzeże Kości Słoniowej
63%
Wyspy Marshalla
63%
Wyspy Salomona
63%
Wyspy Świętego Tomasza i Książęca
63%
Zambia
63%
Zimbabwe
63%
Zjednoczone Emiraty Arabskie
63%
Kanada
50%
Katar
50%
Kazachstan
50%
Norwegia
50%
Republika Południowej Afryki
50%
Tajlandia
50%
Węgry
50%
Wielka Brytania
50%
Wietnam
50%
Kamerun
38%
Niger
38%
Nigeria
38%
Nikaragua
38%
Szwajcaria
38%
Szwecja
38%
Wenezuela
38%
Białoruś
25%

Rozkład punktacji

Percentyl według liczby udzielonych odpowiedzi

Procent ludzi z każdym wynikiem

Twoja historia wyników

Nie rozwiązałeś tego quizu